The conduct of war, 1789-1961 : a study of the impact of the French, industrial, and Russian revolutions on war and its conduct (Record no. 10688)
[ view plain ]
| 000 -LEADER | |
|---|---|
| fixed length control field | 00543 a2200157 4500 |
| 020 ## - INTERNATIONAL STANDARD BOOK NUMBER | |
| International Standard Book Number | 0306804670 |
| 082 ## - DEWEY DECIMAL CLASSIFICATION NUMBER | |
| Classification number | 355/.009 |
| 090 ## - LOCALLY ASSIGNED LC-TYPE CALL NUMBER (OCLC); LOCAL CALL NUMBER (RLIN) | |
| -- | 6866 |
| -- | 6866 |
| 100 ## - MAIN ENTRY--PERSONAL NAME | |
| Personal name | Fuller, J. F. C. |
| 245 ## - TITLE STATEMENT | |
| Title | The conduct of war, 1789-1961 : a study of the impact of the French, industrial, and Russian revolutions on war and its conduct |
| Statement of responsibility, etc. | J.F.C. Fuller |
| 260 ## - PUBLICATION, DISTRIBUTION, ETC. | |
| Place of publication, distribution, etc. | London |
| Name of publisher, distributor, etc. | Methued & Co LTD |
| Date of publication, distribution, etc. | 1986 |
| 300 ## - PHYSICAL DESCRIPTION | |
| Extent | 852p. |
| Dimensions | 25cm. |
| 650 ## - SUBJECT ADDED ENTRY--TOPICAL TERM | |
| Topical term or geographic name entry element | Military art and science --History. |
| General subdivision | Military history, Modern. |
| 655 ## - INDEX TERM--GENRE/FORM | |
| Genre/form data or focus term | includes indes. |
| 942 ## - ADDED ENTRY ELEMENTS (KOHA) | |
| Koha item type | Book |
| Call number prefix | 355.009 FUL |
| Withdrawn status | Lost status | Damaged status | Not for loan | Permanent Location | Current Location | Total Checkouts | Full call number | Barcode | Date last seen | Price effective from | Koha item type |
|---|---|---|---|---|---|---|---|---|---|---|---|
| Central Library (CL) | Central Library (CL) | 355.009 FUL | SEECSD00422 | 11/14/2012 | 11/14/2012 | Book |
